000
00360nam a2200157Ia 4500
100
_a
Majumdar/ D/ Selvamurthy
650
_a
General
942
_c
BK
654
_a
Advances
245
_a
Advances in Ergonomics Occupational Health and Safety
260
_b
New age
_c
2000
082
_a
620.82
_b
MAJ
300
_a
218
546
_a
ENGLISH
999
_c
28274
_d
28274